Colombia floreciendo : (Registro nro. 31011)
[ vista simple ]
| 000 -CABECERA | |
|---|---|
| campo de control de longitud fija | 00637nam a22001817a 4500 |
| 008 - CÓDIGOS DE INFORMACIÓN DE LONGITUD FIJA | |
| fixed length control field | 250619t |||d|||| |||| 00| 0 spa d |
| 020 ## - NÚMERO INTERNACIONAL NORMALIZADO PARA LIBROS | |
| ISBN | 9786280109756 |
| 040 ## - Fuente de catalogación | |
| Agencia original de catalogación | CO-JMCR |
| Agencia de transcripción | CO-JMCR |
| Agencia de modificación | CO-JMCR |
| Lenguaje de catalogación | spa |
| Convenciones de descripción | rda |
| 041 0# - CÓDIGO DE LENGUA | |
| Código idioma | spa |
| 082 04 - NÚMERO DE LA CLASIFICACIÓN DECIMAL DEWEY | |
| Edition number | 23 |
| Número de clasificación Decimal | 382.4 |
| Número de documento (Cutter) | L33c |
| 100 1# - PUNTO DE ACCESO PRINCIPAL-NOMBRE DE PERSONA | |
| Nombre personal | La Rorta, Rodolfo, |
| 9 (RLIN) | 44175 |
| 245 10 - TÍTULO PROPIAMENTE DICHO | |
| Título | Colombia floreciendo : |
| Parte restante del título | 50 años de floricultura colombiana 1972-2023 / |
| Mención de responsabilidad, etc. | Rodolfo La Rota, |
| 260 ## - PUBLICACIÓN, DISTRIBUCIÓN, ETC. (PIE DE IMPRENTA) | |
| Lugar de publicación, distribución, etc. | Bogotá: |
| Nombre del editor, distribuidor, etc. | Panamericana formas e impresos S.A., |
| Fecha de publicación, distribución, etc. | 2023. |
| 264 ## - PRODUCCION, PUBLICACION, DISTRIBUCION, COPYRIGHT | |
| Nombre del editor, productor, distribuidor, etc | Propagar plantas S.A.S. |
| Fecha de producción, publicación, distribución, copyright | ©2023. |
| 300 ## - DESCRIPCIÓN FÍSICA | |
| Extensión | 243 páginas : |
| Otros detalles físicos | gráficas ; |
| Dimensiones | 24 cm. |
| 700 1# - AUTOR SECUNDARIO - PERSONA | |
| Nombre de persona | La Rota Rodolfo |
| 9 (RLIN) | 179780 |
| Withdrawn status | Lost status | Source of classification or shelving scheme | Damaged status | Not for loan | Collection code | Home library | Current library | Shelving location | Date acquired | Source of acquisition | Total Checkouts | Full call number | Barcode | Date last seen | Copy number | Price effective from | Koha item type |
|---|---|---|---|---|---|---|---|---|---|---|---|---|---|---|---|---|---|
| Dewey Decimal Classification | Non-fiction | Biblioteca Pública José María del Castillo y Rada | Biblioteca Pública José María del Castillo y Rada | Book Cart | 11/25/2024 | Donación | 382.4 L33c | 201812698 | 06/19/2025 | Ej.1 | 06/19/2025 | Books |